000 00422nam a22001697a 4500
005 20160618160115.0
008 160618b xxu||||| |||| 00| 0 eng d
020 _a81-259-0767-X
041 _aeng
082 _b8223
100 _aChidomshram, K and others
_92259
245 _aBusiness Environment
260 _aNew Delhi
_bVikas Publishing House (P) Ltd.
300 _a191
650 _aManagement
_9241
942 _cBK
999 _c3163
_d3162